000 00646cam1a220021700 4500
001 zam00002363
008 951128s1973 xx eng u
035 _a(Sirsi) r19739
035 _a(MACHINE)SLC.
100 1 _aDavis, R. (Russ E.)
_qDavis, R. (Russ E.)
_6A80735.1
245 1 4 _aThe rise of the Atlantic economies.
260 _c1973.
949 _aHC240
_wlcc
_mMAIN
_p2500
_tSHORTLOAN
_lSHORTLOAN
004 19739
591 _aClass code: H 240.
591 _aCourse: Studies in the growth of capitalism.
591 _aSchool: S05.
591 _aLecturer: Dr. KALIKITI, W.S.
591 _aNumber of Students: 12.
909 _aBook
999 _c168491
_d168491